What Did Bob Ross Paint? Quiz Stats

 Plays Quiz Updated Apr 19, 2021

Support Sporcle.
Go Orange.
Score 0/15 Timer 05:00
0 Plays Today
% Correct
Happy trees
98.9%
Happy clouds
92.3%
Happy mountains
86.1%
Happy suns
81.1%
Happy lakes
80.4%
Happy rivers
78.5%
Happy grass
71.5%
Happy buildings
66.5%
% Correct
Happy bushes
62.7%
Happy oceans
58.5%
Happy snow
56.6%
Happy rocks
54.4%
Happy paths
37.2%
Happy beaches
29.2%
Happy waterfalls
26.6%

You're not logged in!

Compare scores with friends on all Sporcle quizzes.
OR
Log In

From the Vault

Legends of the Hidden Temple

by newfangledskater

Legends was like an Indiana Jones movie...only on Nickelodeon.
Remove Ads.
Support Sporcle.
Get the best of Sporcle when you Go Orange. This ad-free experience offers more features, more stats, and more fun while also helping to support Sporcle. Thank you for becoming a member.

Show Comments

Extras

Top Quizzes Today


Score Distribution

Your Account Isn't Verified!

In order to create a playlist on Sporcle, you need to verify the email address you used during registration. Go to your Sporcle Settings to finish the process.

Report this User

Report this user for behavior that violates our Community Guidelines.

Details: